000 00855nmc a2200277 a 4500
003 AR-BaBNM
005 20251128211431.0
008 154020s2002 ||||||||||||||000 | spa||
020 _a9977-12-571-6
040 _cAR-BaBNM
100 1 _aBudiño, Lino Marcos
245 1 0 _aPedagogía transdisciplinaria
_bfundamentos proposiciones y técnicas para la educación del ser humano del tercer milenio
250 _a1ª ed.
260 _aBuenos Aires
_bDe los cuatro vientos
_c2002
300 _a126 p.
490 0 _aBiblioteca Escuela de la Nueva Moneda
_vv. 1
650 4 _aTEORIAS DE LA EDUCACION
650 4 _aCURRICULO TRANSDISCIPLINARIO
650 4 _aORGANIZACION ESCOLAR
650 4 _aFINALIDADES DE LA EDUCACION
653 _aNEUROCIENCIA
653 _aCOGNITIVISMO
810 2 _aFundación Witaicon
942 _cBK
998 _craquel
999 _c19673
_d19673